| 000 | 01402nam a22003497a 4500 | ||
|---|---|---|---|
| 999 |
_c17049 _d17049 |
||
| 001 | 17694941 | ||
| 003 | OSt | ||
| 005 | 20180905151821.0 | ||
| 008 | 130412t20132013ctu b 001 0 eng | ||
| 010 | _a 2013011465 | ||
| 020 | _a9780300166279 (cloth : alk. paper) | ||
| 020 | _a0300166273 (cloth : alk. paper) | ||
| 040 | _aSEKU | ||
| 042 | _apcc | ||
| 050 | 0 | 0 |
_aHB 95 _b.L6 |
| 082 | 0 | 0 |
_a330.12/2 _223 |
| 100 | 1 | _aLobel, Orly. | |
| 245 | 1 | 0 |
_aTalent wants to be free : _bwhy we should learn to love leaks, raids, and free riding / _cOrly Lobel. |
| 260 |
_aNew Haven : _bYale University Press, _c2013. |
||
| 300 |
_a278 p. : _bill. |
||
| 336 |
_atext _2rdacontent |
||
| 337 |
_aunmediated _2rdamedia |
||
| 338 |
_avolume _2rdacarrier |
||
| 504 | _aIncludes bibliographical references and index. | ||
| 505 | 0 | _aThe talent wars -- Innovation's edge -- Noncompete--compete! -- Competition and the miracle of place -- Top secret--not secret! -- Sharing and the miracle of cognitive freedoms -- Mine yours (or ours) -- Ownership and the miracle of innovation motivation -- Talent wars and the entrepreneurial spirit -- Win, win, win. | |
| 650 | 0 | _aFree enterprise. | |
| 650 | 0 | _aEntrepreneurship. | |
| 650 | 0 | _aTechnological innovations. | |
| 650 | 0 | _aAbility. | |
| 942 |
_2lcc _cGEN |
||